[Event "1st 4NCL International Open"]
[Site "Telford"]
[Date "2018.11.02"]
[Round "5"]
[White "Jukes, Sam"]
[Black "Akeya-Price, Robert"]
[Result "1-0"]
[WhiteElo "1863"]
[BlackElo "1730"]
[Annotator "NA"]
[PlyCount "105"]
[EventDate "2018.10.31"]
[EventType "swiss"]
[EventCountry "GBR"]
[SourceTitle "playchess.com"]
[Source "ChessBase"]
[SourceQuality "1"]
[TimeControl "5400+30"]

1. e4 {[%emt 0:00:00]} c6 {[%emt 0:00:00]} 2. d4 {[%emt 0:00:00]} d5 {[%emt 0:00:00]} 3. exd5 {[%emt 0:00:00]} cxd5 {[%emt 0:00:08]} 4. c4 {[%emt 0:00:09]} Nf6 {[%emt 0:00:42]} 5. Nc3 {[%emt 0:00:30]} e6 {[%emt 0:00:49]} 6. Nf3 {[%emt 0:00:44]} Bb4 {[%emt 0:00:59]} 7. a3 {[%emt 0:00:44]} Bxc3+ 8. bxc3 {[%emt 0:02:36]} O-O {[%emt 0:08:54]} 9. c5 {[%emt 0:04:14]} b6 {[%emt 0:01:08]} 10. cxb6 {[%emt 0:01:27]} axb6 {[%emt 0:00:00]} 11. Bd3 {[%emt 0:00:57]} Qc7 {[%emt 0:02:06]} 12. Bd2 {[%emt 0:01:48]} Ba6 {[%emt 0:05:05]} 13. Qe2 {[%emt 0:01:14]} Ne4 {[%emt 0:01:50]} 14. Bxa6 {[%emt 0:06:51]} Rxa6 {[%emt 0:04:53]} 15. O-O {[%emt 0:02:11]} Nxc3 {[%emt 0:01:58]} 16. Qd3 {[%emt 0:02:15]} Ne4 {[%emt 0:00:29]} 17. Rfc1 {[%emt 0:09:50]} Qb7 18. Bb4 {[%emt 0:12:47]} Rc8 {[%emt 0:05:36]} 19. Rxc8+ {[%emt 0:00:00]} Qxc8 {[%emt 0:00:43]} 20. Qf1 {[%emt 0:04:31]} Ra7 {[%emt 0:07:35]} 21. Ne5 f6 {[%emt 0:13:21]} 22. Rc1 {[%emt 0:00:00]} Rc7 {[%emt 0:00:29]} 23. Rxc7 {[%emt 0:00:00]} Qxc7 {[%emt 0:00:26]} 24. f3 {[%emt 0:00:00]} Nc3 {[%emt 0:00:00]} 25. Ng4 {[%emt 0:00:00]} Na4 {[%emt 0:00:00]} 26. Qe1 {[%emt 0:00:00]} Qd7 {[%emt 0:00:00]} 27. Nxf6+ {[%emt 0:00:22]} gxf6 {[%emt 0:00:00]} 28. Qg3+ {[%emt 0:01:07]} Kf7 {[%emt 0:00:54]} 29. Qxb8 {[%emt 0:00:15]} Qe8 {[%emt 0:02:40]} 30. Qc7+ {[%emt 0:08:10]} Kg8 {[%emt 0:04:46]} 31. h4 {[%emt 0:02:16]} b5 {[%emt 0:11:40]} 32. h5 {[%emt 0:02:49]} h6 {[%emt 0:03:05]} 33. Qf4 {[%emt 0:10:48]} Kg7 {[%emt 0:01:17]} 34. g4 {[%emt 0:02:01]} e5 {[%emt 0:09:18]} 35. Qe3 {[%emt 0:00:56]} Nb2 {[%emt 0:05:52]} 36. Bd2 {[%emt 0:03:33]} Nc4 {[%emt 0:05:53]} 37. Qxh6+ {[%emt 0:00:08]} Kg8 {[%emt 0:00:10]} 38. Qxf6 {[%emt 0:01:23]} Nxd2 {[%emt 0:00:25]} 39. Qg5+ {[%emt 0:00:12]} Kh7 {[%emt 0:00:57]} 40. Qxd2 {[%emt 0:00:45]} e4 {[%emt 0:00:23]} 41. Qg5 {[%emt 0:04:05]} Qb8 {[%emt 0:03:35]} 42. Qe5 {[%emt 0:05:27]} Qg8 {[%emt 0:02:14]} 43. Qf5+ {[%emt 0:00:53]} Kh8 {[%emt 0:00:32]} 44. Qf6+ {[%emt 0:00:15]} Kh7 {[%emt 0:00:08]} 45. Qg6+ {[%emt 0:00:28]} Qxg6 {[%emt 0:00:06]} 46. hxg6+ {[%emt 0:00:04]} Kxg6 {[%emt 0:00:08]} 47. fxe4 {[%emt 0:00:08]} dxe4 {[%emt 0:00:02]} 48. Kf2 {[%emt 0:00:09]} Kg5 {[%emt 0:00:05]} 49. Ke3 {[%emt 0:00:09]} Kxg4 {[%emt 0:00:05]} 50. Kxe4 {[%emt 0:00:03]} Kg5 {[%emt 0:00:08]} 51. Ke5 {[%emt 0:00:06]} Kg6 {[%emt 0:00:17]} 52. Ke6 {[%emt 0:00:04]} Kg7 {[%emt 0:00:08]} 53. Ke7 {[%emt 0:00:30]} 1-0

[Event "1st 4NCL International Open"]
[Site "Telford"]
[Date "2018.11.02"]
[Round "5"]
[White "Ther, Mate"]
[Black "Ferrington, Nigel M"]
[Result "0-1"]
[WhiteElo "1759"]
[BlackElo "2130"]
[Annotator "NA"]
[PlyCount "86"]
[EventDate "2018.10.31"]
[EventType "swiss"]
[EventCountry "GBR"]
[SourceTitle "playchess.com"]
[Source "ChessBase"]
[SourceQuality "1"]
[TimeControl "5400+30"]

1. e4 {[%emt 0:00:00]} c5 {[%emt 0:01:07]} 2. Nf3 {[%emt 0:00:00]} e6 {[%emt 0:00:13]} 3. c4 {[%emt 0:00:00]} Nc6 {[%emt 0:00:24]} 4. d4 {[%emt 0:00:00]} cxd4 {[%emt 0:00:07]} 5. Nxd4 {[%emt 0:00:00]} Nf6 {[%emt 0:00:10]} 6. Nc3 {[%emt 0:00:00]} Bb4 {[%emt 0:00:19]} 7. Nxc6 {[%emt 0:00:12]} dxc6 {[%emt 0:03:03]} 8. Qxd8+ {[%emt 0:02:09]} Kxd8 {[%emt 0:00:22]} 9. Bd3 {[%emt 0:00:54]} e5 {[%emt 0:01:15]} 10. Bd2 {[%emt 0:00:26]} Ke7 {[%emt 0:01:44]} 11. a3 {[%emt 0:00:11]} Rd8 {[%emt 0:01:11]} 12. Bc2 {[%emt 0:01:22]} Bc5 {[%emt 0:00:33]} 13. Nd1 {[%emt 0:01:45]} Be6 {[%emt 0:01:20]} 14. b3 {[%emt 0:01:23]} Rd7 {[%emt 0:01:55]} 15. Bc3 {[%emt 0:00:44]} Bd4 {[%emt 0:00:24]} 16. O-O {[%emt 0:00:39]} Rad8 {[%emt 0:01:01]} 17. Rc1 {[%emt 0:01:41]} Bxc3 {[%emt 0:00:51]} 18. Nxc3 {[%emt 0:00:07]} Ne8 {[%emt 0:02:46]} 19. Rfd1 {[%emt 0:02:10]} Nc7 {[%emt 0:00:29]} 20. Rxd7+ {[%emt 0:01:39]} Rxd7 {[%emt 0:00:04]} 21. Kf1 {[%emt 0:00:53]} f6 {[%emt 0:00:37]} 22. Ke2 {[%emt 0:00:23]} Bg4+ {[%emt 0:00:46]} 23. f3 {[%emt 0:01:10]} Bh5 {[%emt 0:00:08]} 24. Ke3 {[%emt 0:00:34]} Ne6 {[%emt 0:00:20]} 25. Ne2 {[%emt 0:00:14]} Nd4 {[%emt 0:05:42]} 26. Nxd4 {[%emt 0:00:24]} Rxd4 {[%emt 0:00:14]} 27. Rd1 {[%emt 0:05:22]} c5 {[%emt 0:01:25]} 28. Rd3 {[%emt 0:01:42]} Kd6 {[%emt 0:00:26]} 29. Kd2 {[%emt 0:00:10]} Be8 {[%emt 0:01:00]} 30. b4 {[%emt 0:01:40]} Bf7 {[%emt 0:06:17]} 31. Bb3 {[%emt 0:00:38]} b6 {[%emt 0:08:07]} 32. b5 {[%emt 0:05:57]} Be6 {[%emt 0:00:35]} 33. a4 {[%emt 0:00:51]} f5 {[%emt 0:02:26]} 34. Ke3 {[%emt 0:00:37]} fxe4 {[%emt 0:01:18]} 35. fxe4 {[%emt 0:00:31]} Bf7 {[%emt 0:04:25]} 36. Rc3 {[%emt 0:01:28]} Ke7 {[%emt 0:04:20]} 37. h3 {[%emt 0:04:18]} Kf6 {[%emt 0:01:03]} 38. g3 {[%emt 0:00:11]} Kg5 {[%emt 0:01:37]} 39. Kf3 {[%emt 0:02:11]} Be6 {[%emt 0:03:36]} 40. h4+ {[%emt 0:03:12]} Kh5 {[%emt 0:00:48]} 41. Ba2 {[%emt 0:01:36]} Rd2 {[%emt 0:03:00]} 42. Bb3 {[%emt 0:01:16]} Bg4+ {[%emt 0:00:28]} 43. Ke3 {[%emt 0:00:28]} Rg2 {[%emt 0:01:41]} 0-1

[Event "1st 4NCL International Open"]
[Site "Telford"]
[Date "2018.11.03"]
[Round "6"]
[White "Gonda, Laszlo"]
[Black "Williams, Simon K"]
[Result "1-0"]
[WhiteElo "2528"]
[BlackElo "2457"]
[Annotator "TA"]
[PlyCount "105"]
[EventDate "2018.10.31"]
[EventType "swiss"]
[EventCountry "GBR"]
[SourceTitle "playchess.com"]
[Source "ChessBase"]
[SourceQuality "1"]

{[%evp 18,105,37,31,59,8,13,0,0,0,6,0,0,0,0,-2,0,-5,-5,-13,-10,-10,3,4,7,10,41,0,13,6,27,32,29,19,31,34,61,60,59,52,58,58,58,50,106,44,63,30,39,1,1,0,1,0,69,64,67,48,46,29,72,84,354,237,850,773,651,606,950,950,950,942,930,921,920,914,904,904,899,891,882,858,801,770,861,855,901,768,29969,783]} 1. Nf3 f5 2. g3 Nf6 3. Bg2 g6 4. b3 Bg7 5. Bb2 O-O 6. O-O d6 7. d4 Ne4 8. c4 Nc6 9. Nc3 Nxc3 10. Bxc3 {LiveBook: 48 Games} a5 {A89: Dutch Defence: Leningrad System: 5 Nf3 0-0 6 0-0 d6 7 Nc3 Nc6} (10... e5 11. dxe5 dxe5 12. Qd5+ Kh8 13. Qxd8 Rxd8 14. Rad1 Be6 15. Ng5 Bg8 16. Bxc6 bxc6 17. Nf3 e4 18. Bxg7+ Kxg7 19. Ne5 Rd6 20. Rxd6 cxd6 21. Nxc6 {½-½ (42) Triapishko,A (2508)-Potapov,P (2515) Sochi 2018}) 11. Rc1 $146 ({White should play} 11. Ng5 $14) ({Predecessor:} 11. Qd2 e5 12. dxe5 dxe5 13. Qd5+ Qxd5 14. cxd5 Nd4 15. Bxd4 exd4 16. Rad1 Re8 17. Nxd4 Bxd4 18. Rxd4 Rxe2 {1-0 (61) Aalto,S-Pessi,J (2090) Finland 2014}) 11... e5 $1 $11 12. dxe5 dxe5 {The position is equal.} 13. Qd5+ Kh8 $1 14. Qxd8 Rxd8 15. Ng5 Re8 16. Bxc6 bxc6 17. Rfd1 Kg8 18. Rc2 h6 19. Nf3 Bf6 20. Ne1 Kf7 21. Nd3 g5 22. f4 gxf4 23. gxf4 Rg8+ 24. Kf1 exf4 25. Bxf6 Kxf6 26. Nxf4 Be6 27. Rc3 Rg4 28. Rf3 a4 29. Kf2 axb3 30. axb3 Re8 (30... Bf7 $14) 31. h3 (31. Ra1 $16) 31... Rgg8 $14 32. Re3 Bf7 33. Rd7 Rxe3 34. Kxe3 $11 {[%mdl 4096] Endgame KRB-KRN} Rg3+ 35. Kd4 Rxb3 (35... c5+ $1 $11 36. Kxc5 Rxb3) 36. Rxc7 $14 Be8 37. Rc8 Ke7 38. Nd3 Rb1 39. Ke5 Rh1 $2 {[%mdl 8192]} (39... Rb7 $16 {keeps fighting.}) 40. Rc7+ Kf8 $2 (40... Kd8 41. Ra7 Rg1) 41. Nf4 $18 {[#] And now Kf6 would win.} Rd1 42. Kf6 Bd7 43. Nd3 Ke8 44. Nc5 Rd6+ 45. Ke5 Rd2 46. Rxd7 Rxe2+ 47. Kxf5 {KRN-KR} Rf2+ 48. Ke5 Rh2 49. Rd3 Ke7 50. Ne4 h5 51. Ra3 Kf7 52. Kf5 Rc2 53. Ra6 {Precision: White = 63%, Black = 34%.} (53. Ra7+ $142 Ke8 54. Ke6 Kd8 55. Kd6 Ke8 56. c5 Rc1 57. Kxc6 Kf8 58. Nf6) 1-0

[Event "1st 4NCL International Open"]
[Site "Telford"]
[Date "2018.11.03"]
[Round "6"]
[White "Dgebuadze, Alexandre"]
[Black "Haria, Ravi"]
[Result "1/2-1/2"]
[WhiteElo "2484"]
[BlackElo "2436"]
[Annotator "TA"]
[PlyCount "101"]
[EventDate "2018.10.31"]
[EventType "swiss"]
[EventCountry "GBR"]
[SourceTitle "playchess.com"]
[Source "ChessBase"]
[SourceQuality "1"]

{[%evp 9,101,-19,-2,-22,-28,-29,-29,-34,0,0,0,0,6,0,0,0,-1,-25,-13,-23,75,75,75,75,75,75,75,77,106,105,95,84,194,211,192,189,182,138,154,121,131,121,137,121,121,114,114,114,114,114,114,81,74,68,224,206,221,225,311,311,230,227,299,29,29,27,114,128,202,22,26,26,26,21,20,25,23,0,0,0,0,0,0,0,0,0,0,0,0,0,0,0,0,0]} 1. c4 e6 2. Nc3 d5 3. e3 Nf6 4. Nf3 a6 (4... Be7 5. b3 O-O 6. Bb2 c5 7. cxd5 Nxd5 8. h4 b6 9. Qb1 h6 10. g4 Bb7 11. Rh3 Nd7 12. g5 h5 13. Bd3 Nb4 14. Bh7+ Kh8 15. Be4 Nd5 {1-0 (24) Nepomniachtchi,I (2768)-Bacrot,E (2678) Batumi 2018}) 5. a3 Nbd7 $146 ({Vorgänger:} 5... b6 6. d4 Bb7 7. b4 dxc4 8. Bxc4 Bd6 9. Qe2 Nc6 10. O-O O-O 11. Bb2 e5 12. dxe5 Nxe5 13. Nxe5 Bxe5 14. Rad1 Qe7 {½-½ (14) Skembris,S (2420)-Sumets,A (2580) Heusenstamm 2014}) 6. b4 {A17: Englische Eröffnung} dxc4 7. Bxc4 b5 8. Be2 {Schwarz hat minimalen Vorteil.} Bb7 9. d4 Bd6 10. Bb2 O-O 11. O-O Qe7 12. Re1 e5 13. Bf1 Rad8 14. e4 g6 {[#]} (14... Rfe8 $11) 15. dxe5 $1 $16 Nxe5 16. Nd5 Nxd5 17. exd5 {[%cal Rf3e5]} Nxf3+ 18. Qxf3 Qh4 {[%csl Gd6][%cal Rh4h2]} 19. g3 $36 {[%mdl 2048] Schwarz steht unter starkem Druck.} Qg5 20. Rad1 ({Doch nicht} 20. Qc3 $6 f6 $11) 20... f6 {[#]} (20... Qf5 $16 21. Qxf5 (21. Qc3 f6 $16) 21... gxf5) 21. Bh3 $1 $18 Bc8 22. Be6+ Kg7 23. Kg2 Qh5 24. Qb3 g5 25. h3 Qg6 26. Bxc8 Rxc8 27. Re6 Rf7 28. Rd3 h5 29. Rde3 Rcf8 30. Bd4 Qf5 31. Bc5 Bxc5 $2 ({Lieber} 31... Rd8 $14) 32. Rf3 ({Keinesfalls} 32. bxc5 $6 Rd8 $14) 32... Qg6 33. bxc5 {[%cal Bb4c5,Bc5d6][%mdl 32]} Rd8 34. d6 cxd6 35. cxd6 Rc8 36. Rfe3 $2 ({Besser ist} 36. Qd5 $18) 36... Qc2 $11 37. Qd5 Qc4 (37... Rc5 $1 $11 38. Qd3 Qc4) 38. Qf3 $16 g4 (38... Rc5 $16 {war einen Versuch wert.}) 39. Qd1 $2 (39. hxg4 $18 hxg4 40. Qd1 Qc6+ 41. R3e4) 39... Qc6+ $11 40. Kh2 Qc2 41. Qe1 {Droht hxg4 und aus.} Qc1 42. Qxc1 Rxc1 {[%mdl 4096] Endspiel KTT-KTT} 43. Rd3 Rd7 {Die Stellung ist ausgeglichen.} 44. Re4 Rc6 45. hxg4 hxg4 46. Rxg4+ Kf7 47. Rgd4 Ke6 48. Re3+ Kf7 49. Red3 Ke6 50. Re4+ Kf7 51. Red4 {Precision: Weiß = 60%, Schwarz = 60%.} 1/2-1/2

[Event "1st 4NCL International Open"]
[Site "Telford"]
[Date "2018.11.03"]
[Round "6"]
[White "Fernandez, Daniel Howard"]
[Black "Korneev, Oleg"]
[Result "0-1"]
[WhiteElo "2461"]
[BlackElo "2560"]
[Annotator "TA"]
[PlyCount "136"]
[EventDate "2018.10.31"]
[EventType "swiss"]
[EventCountry "GBR"]
[SourceTitle "playchess.com"]
[Source "ChessBase"]
[SourceQuality "1"]

{[%evp 14,136,-27,-45,-11,-73,-59,-114,-107,-102,-98,-94,-89,-87,-89,-87,-66,-183,-186,-189,-171,-157,-155,-162,-161,-188,-135,-141,-141,-275,-133,-143,-101,-108,-87,-142,-135,-142,-127,-135,-127,-127,-120,-120,-120,-120,-120,-120,-120,-120,-120,-120,-120,-120,-120,-120,-105,-120,-105,-105,-105,-105,-91,-139,-139,-139,-139,-139,-139,-139,-139,-139,-139,-139,-81,-81,-81,-81,-81,-81,-83,-102,-102,-109,-109,-109,-116,-116,-116,-116,-116,-256,-234,-210,-23,-255,-230,-37,-50,-627,-591,-1910,-1783,-2061,-1874,-1697,-1476,-1432,-1412,-6699,-5700,-12215,-7926,-6741,-5901,-29956,-29953,-29946,-29952,-29945,-12723,-29966,-29965,-29970,-12143]} 1. e4 c5 2. Nf3 e6 3. b4 cxb4 4. a3 bxa3 5. d4 d5 6. e5 Nc6 7. c3 Bd7 8. Bd3 {LiveBook: 18 Games} h6 {C00: French: Unusual White 2nd moves} 9. Nfd2 $146 {[#]} (9. Nxa3 $11 a6 10. Nc2) ({Predecessor:} 9. Nxa3 a6 10. O-O b5 11. Nc2 Nge7 12. Nfe1 Na5 13. Ne3 Nec6 14. f4 g6 15. Qg4 Ne7 16. Bc2 {0-1 (37) Esmaeilnejad,M (2038)-Korneev,O (2566) Khomeyn 2017}) 9... b5 $1 $17 10. Nb3 (10. Nxa3 $15 b4 11. cxb4) (10. Bxb5 Nxe5) 10... b4 {Black is better.} 11. cxb4 a2 12. Nc3 Bxb4 13. Bd2 Nge7 14. O-O O-O 15. Nb5 (15. Nxa2 $15 Bxd2 16. Qxd2) 15... Bxd2 16. Qxd2 Rb8 ({Resist} 16... a6 17. Nd6 $17) 17. Nc5 {[#]} Nxe5 $1 {[%mdl 512]} 18. Nxd7 (18. dxe5 Bxb5) 18... Nxd7 19. Rxa2 Nf6 (19... Nc6 $19 20. Ra4 Qb6) 20. Rxa7 Ne4 21. Qf4 (21. Qe1 $17) 21... Nf5 (21... Ng6 $19 {is more deadly.} 22. Qc7 Qg5) 22. Rfa1 Nfd6 23. Nxd6 Qxd6 24. Qxd6 (24. Qe3 $142) 24... Nxd6 25. h4 Rb4 26. R1a4 Rxa4 27. Rxa4 {[%mdl 4096] Endgame KRB-KRN} h5 28. Ra6 Rd8 29. f3 g6 30. Kf2 Kg7 31. Ke3 Nf5+ 32. Bxf5 gxf5 {KR-KR} 33. g3 Rb8 34. Ra3 Rb1 35. Rc3 Re1+ 36. Kf2 Rd1 37. Ke3 Kf6 38. f4 Re1+ 39. Kd2 Rg1 40. Ke2 Ke7 41. Ra3 Rg2+ 42. Kf3 Rc2 43. Ra7+ Ke8 ({Black should try} 43... Kf6 44. Ra3 Rb2) 44. Ra8+ Kd7 $1 45. Rh8 Rc3+ 46. Kf2 Rd3 $1 47. Rxh5 Rxd4 48. Rh8 Rd2+ 49. Ke3 Rg2 50. Rg8 Rh2 51. Kd4 Ke7 52. Kd3 (52. Ke3 $17) 52... f6 $1 $19 53. Kd4 Rh3 $2 ({Black should play} 53... Rd2+ $19 54. Kc5 Rc2+ 55. Kd4 Kf7) 54. Rg7+ $2 (54. Ra8 $1 $11 {and White is okay.}) 54... Kf8 $1 {[%cal Rf8g7]} 55. Ra7 $2 ({White must play} 55. Rd7 $19) 55... Rxg3 $15 {Hoping for ...Rf3.} 56. h5 $2 {[%mdl 8192]} (56. Kc5 $15) 56... Rf3 $19 57. Kc5 Rxf4 58. h6 {[#]} Kg8 $1 59. Rg7+ Kh8 60. Rf7 d4 61. Rxf6 Re4 62. Kc4 Kh7 63. Kd3 e5 64. Rxf5 Re3+ 65. Kd2 Kxh6 66. Rf8 Kg5 (66... Kg6 $142 67. Rg8+ Kf5 68. Rf8+ Ke4 69. Rh8 Ra3 70. Rh4+ Kf5 71. Rh5+ Kf4 72. Rh4+ Kg5 73. Rh8 e4 74. Kc2 d3+ 75. Kd2 Ra2+ 76. Kc3 Rc2+ 77. Kb3 Kf4 78. Rh4+ Ke5 79. Rh1 e3 80. Rh5+ Ke4 81. Rh4+ Kf3 82. Rh6 e2 83. Rh3+ Ke4 84. Rh7 {[#]} d2 $1 {[%mdl 512]} 85. Re7+ Kf3 86. Kxc2 d1=Q+ 87. Kb2 Qd2+ 88. Kb3 Qd5+ 89. Kb2 Qb5+ 90. Ka2 Qa4+ 91. Kb2 Qb4+ 92. Kc2 Qxe7 93. Kd2 e1=Q+ 94. Kc2 Q7b4 95. Kd3 Qee4#) 67. Rf7 Rh3 68. Ke2 d3+ {Precision: White = 38%, Black = 65%.} (68... e4 $142 69. Rg7+ Kf4 70. Rf7+ Ke5 71. Re7+ Kf5 72. Re8 Rh2+ 73. Ke1 Kf4 74. Rb8 d3 75. Ra8 e3 76. Rf8+ Kg5 77. Rg8+ Kf6 78. Kf1 d2 79. Kg1 Rh4 80. Rf8+ Ke7 81. Rf1 e2 82. Rb1 e1=Q+ 83. Rxe1+ dxe1=Q+ 84. Kg2 Qe2+ 85. Kg1 Rg4+ 86. Kh1 Qg2#) 0-1

[Event "1st 4NCL International Open"]
[Site "Telford"]
[Date "2018.11.03"]
[Round "6"]
[White "Krishna C R G"]
[Black "Fodor, Tamas Jr."]
[Result "0-1"]
[WhiteElo "2445"]
[BlackElo "2520"]
[Annotator "TA"]
[PlyCount "122"]
[EventDate "2018.10.31"]
[EventType "swiss"]
[EventCountry "GBR"]
[SourceTitle "playchess.com"]
[Source "ChessBase"]
[SourceQuality "1"]

{[%evp 19,122,11,23,-2,21,1,6,2,20,-8,-16,0,0,0,0,0,15,-93,0,-7,0,-18,-18,-60,-58,-36,-39,-59,-57,-110,-79,-83,-91,-218,-25,-25,14,14,30,0,0,0,148,0,108,111,109,31,31,0,0,-79,-6,-6,-6,-6,-14,-14,-8,-19,-56,-25,-8,-59,-14,-14,-22,-69,-96,-92,-94,-100,0,0,0,0,0,-89,-77,-39,-85,-77,-77,-75,-58,-29960,-1054,-6184,-4768,-29967,-1618,-29967,-29967,-6294,-6295,-6135,-5326,-29975,-29976,-29972,-29963,-29979,-29980,-29980,-29981]} 1. Nf3 d5 2. e3 c6 3. c4 e6 4. Qc2 Bd6 5. b3 Nf6 6. Bb2 O-O 7. Nc3 Nbd7 8. Be2 dxc4 {A11: English Opening: 1...c6} (8... b6 9. Rg1 Bb7 10. g4 Qe7 11. g5 Ne8 12. h4 Rc8 13. h5 Ba3 14. Bxa3 Qxa3 15. cxd5 cxd5 16. Bb5 {½-½ (63) Nepomniachtchi,I (2757)-Muzychuk,A (2564) Jerusalem 2018}) 9. bxc4 e5 10. O-O Re8 {LiveBook: 13 Games. The position is equal.} 11. Ng5 Nf8 12. Rad1 $146 ({Predecessor:} 12. c5 Bxc5 13. Bc4 Ne6 {1-0 (27) Vanderwaeren,S (2335)-Goormachtigh,J (2270) Brasschaat 1990}) 12... Qe7 13. Bd3 Bc7 14. Rfe1 Ng4 15. Nf3 $1 ({Much worse is} 15. Bxh7+ Kh8 $17) 15... Nh6 16. Qb3 Bg4 17. Ba3 $1 {[%cal Ra3e7]} Qd7 18. Qb1 (18. Be2 $1 $11) 18... Ng6 ({Black should play} 18... Bxf3 $1 $17 19. gxf3 Ng6 20. Bxg6 hxg6) 19. Be2 $1 $11 f5 20. d4 e4 21. Ne5 Bxe5 22. dxe5 Qf7 23. e6 Rxe6 24. Rd4 (24. h3 $15 Bxe2 25. Nxe2) 24... Ne5 $17 25. Red1 Rae8 26. h3 {[#]} (26. Bd6 $17) 26... Bxe2 $2 ({Black should try} 26... Bf3 $1 $19 {[%mdl 512] aiming for ...Rg6.} 27. Bxf3 (27. gxf3 Qg6+ 28. Kh2 exf3 $17) 27... exf3) 27. Nxe2 $11 {White wants to play Nf4.} Rg6 28. Kf1 Nxc4 29. Bc5 Ne5 $1 {[%cal Re5d3]} 30. Nf4 Rf6 (30... b6 $11 31. Ba3 c5) 31. Bd6 (31. Rd8 $1 $16 Kh8 32. Rxe8+ Qxe8 33. Qxb7) 31... b6 (31... g5 $11 32. Bxe5 Rxe5) 32. Bxe5 $1 $16 Rxe5 {[#]} 33. Rd8+ (33. g4 $1 $16 {[%cal Rg4g5][%mdl 512]} g5 (33... fxg4 34. Rd8+) 34. Rd8+ Kg7 35. Qa1) 33... Re8 $14 34. Qb4 {[%mdl 1024] White has compensation.} Qf8 35. Qc4+ (35. Qb3+ $11 {keeps the balance.} Kh8 36. R8d7) 35... Kh8 (35... Nf7 $1 $17 36. R8d7 b5) 36. R8d7 $11 Nf7 {And now ...Ne5 would win.} 37. Nh5 Ne5 38. Nxf6 Qxf6 ({Don't play} 38... Nxc4 $6 39. Nxe8 Qxe8 40. Rd8 $16) 39. Qd4 Nxd7 40. Qxd7 {[%mdl 4096] Endgame KQR-KQR} Ra8 41. Qb7 (41. g3 $11) 41... Rd8 42. Rxd8+ Qxd8 {[%cal Rd8d1] KQ-KQ} 43. Ke1 c5 {[%cal Bc6c5,Bc5c4][%mdl 32]} 44. Qxa7 c4 45. Qa3 Kg8 (45... h6 $17 46. Qb4 b5 $1 {[%mdl 512]} 47. Qxb5 c3) 46. Qb4 Qd3 47. Qxb6 c3 48. Qb3+ (48. Qe6+ $11 {remains equal.} Kf8 49. Qxf5+ Ke7 50. Qe5+ Kf8 51. Qc5+ Kf7 52. Qf5+ Ke7 53. Qe5+ Kf7 54. Qc7+ Kg8 55. Qb8+ Kf7 56. Qb3+ Kf6 57. Qb6+ Kf7 58. Qc7+ Kg6 59. Qc6+ Kh5 60. Qc5+ Kg6 61. g4 Qb1+ 62. Ke2 Qd3+ 63. Ke1 Qb1+ 64. Ke2 Qd3+ 65. Ke1) 48... Kf8 $17 {White must now prevent ...Qd2+.} 49. Qa3+ Ke8 {( -> ...Qd2+)} 50. Qa4+ Kf7 51. Qb3+ Kf6 {Threatens to win with ...Qd2+.} 52. h4 $2 {[%mdl 8192]} (52. Qb6+ $15 Kg5 53. Qd4 Qb1+ 54. Ke2 Qc2+ 55. Ke1 Qb1+ 56. Ke2 Qxa2+ 57. Kf1 Qb1+ 58. Ke2 Qc2+ 59. Ke1) 52... Qd2+ 53. Kf1 c2 {[%cal Rd2d1]} 54. Qb6+ Kf7 {[%cal Rc2c1]} 55. Qb3+ {[#]} Ke7 $1 {[%cal Rd2d1]} 56. Qb7+ {[#]} Qd7 $1 57. Qb4+ Kd8 58. Qf8+ Kc7 {[%cal Rd7d1] Black mates.} 59. Qc5+ Qc6 60. Qe7+ Kb6 61. Qd8+ Ka6 {Precision: White = 43%, Black = 58%.} 0-1

[Event "1st 4NCL International Open"]
[Site "Telford"]
[Date "2018.11.03"]
[Round "6"]
[White "Hebden, Mark L"]
[Black "Richardson, John R"]
[Result "1-0"]
[WhiteElo "2426"]
[BlackElo "2213"]
[Annotator "TA"]
[PlyCount "61"]
[EventDate "2018.10.31"]
[EventType "swiss"]
[EventCountry "GBR"]
[SourceTitle "playchess.com"]
[Source "ChessBase"]
[SourceQuality "1"]

{[%evp 20,61,13,27,62,57,58,20,24,28,18,19,85,47,108,48,106,122,115,134,139,94,447,412,522,517,571,521,712,706,966,931,1006,991,998,988,1497,1477,2779,2452,29982,29981,29987,29988]} 1. d4 Nf6 2. Nf3 e6 3. c4 b6 4. e3 Bb7 5. Bd3 Be7 6. O-O O-O 7. Nc3 d5 8. cxd5 exd5 9. b3 Nbd7 10. Bb2 a6 11. Ne5 {LiveBook: 16 Partien. E14: Damenindisch (Zentralsystem)} Ne4 $146 ({Vorgänger:} 11... Bd6 12. Ne2 Re8 13. f4 Ne4 14. Ng3 Nf8 15. Nxe4 dxe4 16. Bc4 Re7 17. Qh5 g6 18. Qh6 Bxe5 19. dxe5 b5 20. Rad1 Qe8 {1-0 (43) Nakamura,H (2780)-Topalov,V (2749) Saint Louis 2017}) 12. Qc2 {[%cal Rc3e4]} Ndf6 13. Rad1 {Weiß steht etwas besser.} Bd6 14. Ne2 c5 15. f3 {[%cal Bf2f3,Bf3f4,Bf4f5][%mdl 32]} Ng5 (15... Rc8 $11 {hält das Gleichgewicht.} 16. Qb1 (16. fxe4 cxd4 17. Qd2 dxe4 $15) 16... Ng5) 16. Ng3 Rc8 (16... cxd4 $14 17. Bxd4 (17. exd4 g6 $14) 17... Re8) 17. Qe2 ({Günstiger ist} 17. dxc5 $16 Bxc5 18. Qf2) 17... b5 (17... Ne6 $14) 18. dxc5 Bxc5 19. f4 $36 {[%mdl 2048] Weiss ist am Drücker.} Ne6 20. Kh1 Qb6 $2 {[%mdl 8192]} (20... d4 $16 {ist zäher.}) 21. Nh5 Nxh5 22. Qxh5 {[%csl Gd3][%cal Rh5h7] [#]} g6 23. Qh6 d4 24. f5 Ng7 25. exd4 gxf5 26. Qh3 Be7 27. Rxf5 Qe6 28. Ng4 h5 29. Rxh5 Nxh5 30. Qxh5 {[%csl Gd3][%cal Rh5h7]} f5 {[#]} 31. d5 $1 {[%mdl 512] Precision: Weiß = 75%, Schwarz = 21%.} 1-0

[Event "1st 4NCL International Open"]
[Site "Telford"]
[Date "2018.11.03"]
[Round "6"]
[White "Roberson, Peter T"]
[Black "Turner, Matthew J"]
[Result "1/2-1/2"]
[WhiteElo "2396"]
[BlackElo "2536"]
[Annotator "TA"]
[PlyCount "38"]
[EventDate "2018.10.31"]
[EventType "swiss"]
[EventCountry "GBR"]
[SourceTitle "playchess.com"]
[Source "ChessBase"]
[SourceQuality "1"]

{[%evp 24,38,62,27,46,30,116,112,108,73,64,76,109,-105,222,20,25]} 1. e4 e5 2. Nf3 Nc6 3. Bb5 a6 4. Ba4 Nf6 5. O-O b5 6. Bb3 Be7 7. Re1 O-O 8. a4 Rb8 9. axb5 axb5 10. c3 d6 11. d4 exd4 12. cxd4 Bg4 13. Be3 {[%cal Bc1e3,Be3a7,Ba7b8][%mdl 32] LiveBook: 7 Games. C88: Closed Ruy Lopez: Anti-Marshall Systems} (13. Nc3 Nb4 14. h3 Bh5 15. g4 Bg6 16. Nh4 c5 17. dxc5 dxc5 18. e5 Ne8 19. Nxg6 hxg6 20. Qxd8 Bxd8 {½-½ (57) Sulskis,S (2596)-Enchev,I (2432) Plovdiv 2012}) 13... Nb4 14. d5 Nxe4 $146 (14... Re8 $11 {remains equal.}) ({Predecessor:} 14... c5 15. dxc6 Nxc6 16. Nbd2 d5 17. h3 Bh5 18. Bf4 Rc8 19. e5 Nd7 20. Nf1 Nb6 {½-½ (44) Bojkovic,N (2460)-Babic,M (2141) Herceg Novi 2001}) 15. Ba7 $16 {White is better.} Ng5 {White must now prevent ...Bxf3.} 16. Bxb8 Bxf3 17. gxf3 {aiming for Ba7.} Bf6 18. Ra8 $2 {[#]} (18. Ba7 $1 $16 {Hoping for Nc3.} Bxb2 19. Ra3 (19. Ra5 c5 $11)) 18... Bxb2 $2 {[%mdl 8192] [#]} (18... Be5 $1 $17 {stays on course.} 19. f4 Bxf4) 19. f4 $2 ({Only move:} 19. Bxc7 $1 $18 Qxa8 20. Bxd6) 19... Nh3+ 1/2-1/2